| 000 | 01353nam a22001577a 4500 | ||
|---|---|---|---|
| 999 |
_c528205 _d528205 |
||
| 008 | 241119b ||||| |||| 00| 0 eng d | ||
| 100 |
_aKukreja, Veena _959546 |
||
| 245 | _aThe Covid-19 pandemic and the migrant crisis in India: An analysis | ||
| 260 | _aBihar Journal of Public Administration | ||
| 300 | _a18(1A), Jan-Jun, 2021: p.12-19 | ||
| 520 | _aThe COVID-19 has posed an unprecedented challenge for India. One of the most significant and visible consequences of the pandemic is migrant crisis. Due to sudden and unplanned lockdown the migrant workers have to bear the worst burden of the epidemic in terms of lives and livelihood. Migrant crisis during the coronavirus pandemic has revealed multilayered relationship between the migrant workers and the virus. This paper seeks to analyse the contemporary migrant crisis highlighting the vulnerability of the migrant workers in terms of mobility, social security, health management as well as policy relief measures taken by the government. – Reproduced http://www.iipabiharbranch.org/upload/Complete%20BJPA%20Vol.%20XVIII%20No.%201A%20(Covid%20special%20issue)%202021.pdf | ||
| 650 |
_aCovid-19, Pandemic, Supply chain, Informal sector, Health care, Social security, Mental health. _948947 |
||
| 773 | _aBihar Journal of Public Administration | ||
| 906 | _aPANDEMIC | ||
| 942 | _cAR | ||